00451 2200169 4500001002100000008004100021035002000062245005300082110002300135250001100158260003300169020001800202084001600220082001000236650002200246990001300268INLIS000000000000779 ind  a0010-0120000779 aIlmuwan MuslimbIbnu BattutacTim Pustaka Fathin aTim Pustaka Fathin aCet. 1 aSolo:bTiga Serangkai,c2006 a979-668-360-1 a2X9.7 ILM i a2X9.7 aTokoh Agama Islam a11900291